000 01140nam a22001937a 4500
003 JO-AjAnu
005 20240605114515.0
008 240415b jo ||||| |||| 00| 0 ara d
040 _aJO-AjAnu
_bara
_cJO-AjAnu
041 _aara
100 1 _aالعماوي، غفران احمد سليم
_eمعد
_965366
245 1 0 _aأثر المخاطر التنظيمية على الاداء المالي للبنوك الاسلامية في الاردن : (دراسة تحليلية) = The Impact of Systematic Risks on the Financial Performance of Islamic Banks in Jordan : (Analytical Study) /
_cاعداد غفران احمد سليم العماوي ؛ اشراف ابراهيم عبد الحليم عبادة
260 _c2023
300 _a87 ورقة
501 _aرسالة جامعية( رسالة ماجستير في المصارف الاسلامية) - جامعة عجلون الوطنية (عجلون، الاردن)، كلية الاعمال، 2023
650 7 0 _aالبنوك الاسلامية- الاداء المالي
_965367
700 1 _aعبادة، ابراهيم احمد سليم
_eمشرف
_965368
942 _2lcc
_cTHS
_n0
999 _c33455
_d33455